00429cam a2200169ua 4500001000500000005001700005008003900022040000900061082001200070100003000082245004700112250000900159260003800168300001300206653001300219653002700232265220260515113536.0110901n ii |||gr||||Z||||||asm cMAIN a491.4511 aNarjari, Surath,eAuthor.11aSaral borobhasa sikshacby Surath Narjari  a1st. aKokrajhar:bNagendra Library,961. a28p:9cm. aFolklore aSaral borobhasa siksha